000 00766nam a2200265Ia 4500
003 OSt
005 20220918165647.0
006 a|||||r|||| 00| 0
007 ta
008 220917b |||||||| |||| 00| 0 eng d
020 _a8170230179
024 _a2,109
037 _cTextual
040 _aARTS
_cARTS
_beng
041 _2eng
_aeng
082 _aO111:g, M9
100 _aDev Amiya Ed.
_925050
245 0 _aComparative literature
_b Theory and practice ed. by Amiya Dev and Sisir Kumar Das
260 _aNew Delhi
_bAllied India
_c1989
300 _axiii,327p.
_ccm.
650 _aENGLISH LITERATURE
700 _a Das Sisir Kumar Ed.
942 _hO111:g, M9
_cTEXL
_2CC
999 _c130641
_d130641